| 000 | 00697nam a22001937a 4500 | ||
|---|---|---|---|
| 999 |
_c17999 _d17999 |
||
| 003 | AR-CdUCM | ||
| 008 | 190511b ||||| |||| 00| 0 spa d | ||
| 040 |
_aMUNICIPALIDAD PROVINCIAL DEL CUSCO _cBIBLIOTECA MUNICIPAL DEL CUSCO |
||
| 082 |
_a982 / _bR72 |
||
| 100 |
_aRoca, Deodoro _938314 |
||
| 245 | _aEl dificil tiempo nuevo / | ||
| 260 |
_aArgentina : _bLautaro, _c1956. |
||
| 300 |
_a362 paginas ; _c20 cm. |
||
| 505 | _aContenido: responsabilidad de la inteligencia -- Los derechos del hombre -- Accion civica -- Flechas para la historia nacional -- Dos asesinatos politicos... | ||
| 650 |
_aLiteratura _983 |
||
| 650 |
_aHistoria _9136 |
||
| 942 |
_2ddc _cLIBROS |
||
| 945 |
_apjha _d2019-05-11 |
||